000 00697cam a22002413a 4500
001 4724
003 PGUSA
005 20140828083106.0
008 031201s2003||||xxu|||||s|||||000 | eng d
040 _aPGUSA
_beng
042 _adc
050 4 _aB
100 1 _aBerkeley, George,
_d1685-1753
245 1 0 _aThree Dialogues Between Hylas and Philonous in Opposition to Sceptics and Atheists
_h[electronic resource] /
_cGeorge Berkeley
260 _bProject Gutenberg,
_c2003
506 _aPublic domain in the USA.
516 _aElectronic text
653 _aIdealism
653 _aSoul
830 0 _aProject Gutenberg
_v4724
856 4 0 _uhttp://www.gutenberg.org/ebooks/4724
942 _cEB
999 _c234053
_d234053